000 00989nam0a22002411 4500
001 rc\3903017
005 20130415104644.8
035 _a(NLR Aleph) 007906967
090 _a8073422
_c8073422
100 _a20130415d1956 |||y0rusy50 ca
101 0 _arus
102 _aRU
105 _ay z |||||
200 1 _aШкольный краеведческий музей Вяземской школы № 20 Калининской железной дороги
_e[Описание и работа музея]
_f[Борисов С.И. и Запорин П.М. - засл. учитель школы РСФСР]
_gДорожный пед. кабинет Отд. учеб. заведений Калининской ж. д.
210 _aСмоленск
_cБ. и.
_d[1956]
215 _a19 с.
_d20
700 1 _aБорисов
_bС. И.
701 1 _aЗапорин
_bП. М.
801 0 _aRU
_bNLR
_gpsbo
801 1 _aRU
_bELAR
_2rusmarc
852 _aNLR
_jПр20 Г-4/4814
942 _cBOOK
980 _aNB